000 00699nam a2200205Ii 4500
003 JO-AjNU
008 230605s9999||||xx |||||||||||||| ||und||
017 _a2004/3/517
040 _aJO-AjNU
_bara
_erda
_cJO-AjNU
041 _aara
050 1 4 _aPJ7577.A28 2004
100 3 _aأبو لبن،زياد,
_eauthor
_911900
245 0 0 _aرؤى نقدية في القصة القصيرة
264 3 1 _aعمان:وزارة الثقافة،2004
300 _a175ص
336 _atext
_btxt
_2rdacontent
337 _aunmediated
_bn
_2rdamedia
338 _avolume
_bnc
_2rdacarrier
650 4 _aالنقد الأدبي-القصص القصيرة-القصص العربية-التحليل الأدبي
_911901
999 _aA2562
_c6130
_d6130